[Event "Asia-chT rapid U23 (Women) 5th"]
[Site "Ashkhabad"]
[Date "2017.09.26"]
[Round "5.1"]
[White "Frayna, Janelle Mae"]
[Black "Saumy, Zainab"]
[Result "1-0"]
[WhiteElo "2305"]
[BlackElo "1892"]
[PlyCount "145"]
[EventDate "2017.09.25"]
[EventType "team-swiss (rapid)"]
[EventRounds "5"]
[EventCountry "TKM"]
[SourceTitle "EXT 2018"]
[Source "ChessBase"]
[SourceDate "2017.10.13"]
[SourceVersion "1"]
[SourceVersionDate "2017.10.13"]
[SourceQuality "1"]
[WhiteTeam "Philippines"]
[BlackTeam "Sri Lanka"]
[WhiteTeamCountry "PHI"]
[BlackTeamCountry "SRI"]

1. d4 Nf6 2. c4 g6 3. Nc3 Bg7 4. e4 d6 5. Nf3 0-0 6. Be2 Nc6 7. 0-0 e5 8. d5 Ne7 9. Ne1 Nd7 10. Be3 f5 11. f3 f4 12. Bf2 g5 13. Rc1 Ng6 14. b4 Rf7 15. c5 Bf8 16. cxd6 Bxd6 17. Nd3 Nf6 18. Nc5 Nf8 19. Nb5 Rg7 20. Bc4 Qe7 21. Kh1 g4 22. Bg1 Nh5 23. fxg4 Bxg4 24. Qe1 Bc8 25. Rf3 Qg5 26. Bf1 Ng3+ 27. hxg3 fxg3 28. Bh2 gxh2 29. Rcc3 b6 30. Rg3 Qh6 31. Rxg7+ Kxg7 32. Nxd6 cxd6 33. Nb3 Kh8 34. Qc1 Qxc1 35. Nxc1 Ng6 36. Kxh2 Bg4 37. Rc6 Rd8 38. Nd3 Ne7 39. Rc4 Rc8 40. Nb2 Kg7 41. Kg3 h5 42. Rxc8 Nxc8 43. Ba6 Kf7 44. Bxc8 Bxc8 45. Nc4 Ke7 46. Ne3 Ba6 47. Nf5+ Kd7 48. Ng7 Be2 49. Kh4 Bd3 50. Nxh5 Bb1 51. a3 Ke7 52. Ng3 Kf6 53. Kg4 Bc2 54. Kf3 Bd1+ 55. Ke3 Bg4 56. Nf1 b5 57. Kf2 a6 58. Ne3 Bc8 59. Kf3 Kg5 60. g4 Bd7 61. Nf5 Bc8 62. Kg3 Bd7 63. Nxd6 Bxg4 64. Nf7+ Kh5 65. Nxe5 Bc8 66. Kf4 Kh6 67. Nc6 Kg7 68. Ke5 Kf8 69. Kd6 Ke8 70. e5 Bb7 71. e6 Bc8 72. Kc7 Bxe6 73. dxe6 1-0

[Event "Asia-chT rapid U23 (Women) 5th"]
[Site "Ashkhabad"]
[Date "2017.09.25"]
[Round "2.1"]
[White "Al Kalbani, Wadima"]
[Black "Saumy, Zainab"]
[Result "0-1"]
[WhiteElo "1628"]
[BlackElo "1892"]
[PlyCount "118"]
[EventDate "2017.09.25"]
[EventType "team-swiss (rapid)"]
[EventRounds "5"]
[EventCountry "TKM"]
[SourceTitle "EXT 2018"]
[Source "ChessBase"]
[SourceDate "2017.10.13"]
[SourceVersion "1"]
[SourceVersionDate "2017.10.13"]
[SourceQuality "1"]
[WhiteTeam "United Arab Emirates"]
[BlackTeam "Sri Lanka"]
[WhiteTeamCountry "UAE"]
[BlackTeamCountry "SRI"]

1. e4 c5 2. Nf3 d6 3. d4 cxd4 4. Nxd4 Nf6 5. Nc3 a6 6. Bg5 e6 7. f4 Be7 8. Qf3 Qc7 9. 0-0-0 0-0 10. g4 b5 11. Bxf6 Bxf6 12. g5 Bxd4 13. Rxd4 Nc6 14. Rd1 Bb7 15. h4 Rac8 16. Kb1 b4 17. Na4 Nd4 18. Qd3 e5 19. Bh3 Rcd8 20. f5 d5 21. exd5 Bxd5 22. Rhe1 Nf3 23. Qe3 Nxe1 24. Rxe1 Rfe8 25. f6 Qc4 26. b3 Qxh4 27. Nb6 Bc6 28. Nc4 Qf4 29. Qg1 Bb5 30. Bf1 e4 31. Be2 e3 32. Bd3 Rxd3 33. cxd3 Bxc4 34. bxc4 Qd4 35. Qf1 a5 36. fxg7 a4 37. Qe2 b3 38. axb3 axb3 39. Rd1 Qxg7 40. Qb2 Qxg5 41. Qxb3 e2 42. Re1 Qg3 43. Qc3 f5 44. Kc2 f4 45. Kd2 f3 46. d4 Qf4+ 47. Kc2 f2 48. Qb4 fxe1Q 49. Qxe1 Qxd4 50. Qg3+ Qg7 51. Qe1 Qg6+ 52. Kc3 Re3+ 53. Kb2 Qf6+ 54. Kb1 Qf5+ 55. Kb2 Qe5+ 56. Kc2 Qe4+ 57. Kb2 Qd4+ 58. Ka2 Qxc4+ 59. Kb2 Rb3+ 0-1

[Event "Asia-chT rapid U23 (Women) 5th"]
[Site "Ashkhabad"]
[Date "2017.09.25"]
[Round "3.1"]
[White "Saumy, Zainab"]
[Black "Sihite, Chelsie Monica"]
[Result "0-1"]
[WhiteElo "1892"]
[BlackElo "2189"]
[PlyCount "98"]
[EventDate "2017.09.25"]
[EventType "team-swiss (rapid)"]
[EventRounds "5"]
[EventCountry "TKM"]
[SourceTitle "EXT 2018"]
[Source "ChessBase"]
[SourceDate "2017.10.13"]
[SourceVersion "1"]
[SourceVersionDate "2017.10.13"]
[SourceQuality "1"]
[WhiteTeam "Sri Lanka"]
[BlackTeam "Indonesia"]
[WhiteTeamCountry "SRI"]
[BlackTeamCountry "INA"]

1. e4 d6 2. d4 Nf6 3. Nc3 e5 4. d5 c6 5. Be2 Be7 6. h4 cxd5 7. exd5 a6 8. Nh3 b5 9. a3 Nbd7 10. g4 Nb6 11. g5 Nfd7 12. Be3 Bb7 13. Rg1 Qc7 14. Qd3 Nc4 15. 0-0-0 Rc8 16. Bg4 Qa5 17. Bxd7+ Kxd7 18. Nb1 g6 19. f4 Qc7 20. Bf2 f5 21. gxf6 Bxf6 22. Ng5 Bxg5 23. fxg5 Rhf8 24. Rgf1 Rf5 25. h5 Rcf8 26. Bh4 Qc5 27. Rxf5 Rxf5 28. Nc3 Qe3+ 29. Qxe3 Nxe3 30. Re1 Nxd5 31. Nxd5 Bxd5 32. h6 Rf4 33. Bg3 Rg4 34. Bxe5 dxe5 35. Rxe5 Be6 36. b4 Rf4 37. Re3 Rg4 38. Re5 Kd6 39. Rc5 Rc4 40. Rxc4 Bxc4 41. Kd2 Ke5 42. Ke3 Kf5 43. Kd4 Kxg5 44. a4 Kxh6 45. axb5 axb5 46. c3 g5 47. Ke5 Kg6 48. Ke4 h5 49. Ke5 h4 0-1

[Event "Asian Indoor Games (Women) 5th"]
[Site "Ashkhabad"]
[Date "2017.09.21"]
[Round "1"]
[White "Saumy, Zainab"]
[Black "Sukandar, Irine Kharisma"]
[Result "0-1"]
[WhiteElo "1892"]
[BlackElo "2397"]
[PlyCount "76"]
[EventDate "2017.09.21"]
[EventType "swiss"]
[EventRounds "7"]
[EventCountry "TKM"]
[SourceTitle "CBM 180 Extra"]
[Source "ChessBase"]
[SourceDate "2017.10.06"]
[SourceVersion "1"]
[SourceVersionDate "2017.10.06"]
[SourceQuality "1"]

1. e4 c5 2. d4 cxd4 3. c3 d3 4. Bxd3 Nc6 5. Nf3 d6 6. c4 g6 7. Nc3 Bg7 8. h3 Nf6 9. Be3 Nd7 10. Rc1 0-0 11. 0-0 Nde5 12. Nxe5 dxe5 13. a3 f5 14. f3 f4 15. Bf2 Nd4 16. b4 g5 17. c5 h5 18. Nb5 Kh8 19. Nxd4 exd4 20. e5 Bxe5 21. Bg6 Bf5 22. Bxh5 Qd5 23. b5 Bf6 24. a4 Rac8 25. c6 bxc6 26. Rxc6 Rxc6 27. bxc6 Rc8 28. Re1 Rxc6 29. Be8 Rc2 30. Bb5 d3 31. Re4 d2 32. Qxc2 d1Q+ 33. Qxd1 Qxd1+ 34. Re1 Qd2 35. Re2 Qc3 36. Bxa7 Bd3 37. Re6 Bxb5 38. axb5 Qa1+ 0-1

[Event "Wch U16 Girls"]
[Site "Khanty-Mansiysk"]
[Date "2016.10.03"]
[Round "11"]
[White "Zairbek Kyzy, Begimay"]
[Black "Saumy, Zainab"]
[Result "0-1"]
[WhiteElo "1836"]
[BlackElo "1688"]
[PlyCount "76"]
[EventDate "2016.09.22"]
[EventType "swiss"]
[EventRounds "11"]
[EventCountry "RUS"]
[SourceTitle "EXT 2017"]
[Source "ChessBase"]
[SourceDate "2016.10.25"]
[SourceVersion "1"]
[SourceVersionDate "2016.10.25"]
[SourceQuality "1"]

1. e4 c6 2. d4 d5 3. e5 c5 4. c3 Nc6 5. f4 Nh6 6. dxc5 e6 7. Be3 Be7 8. Na3 a6 9. Nc2 0-0 10. Bd3 f6 11. Qh5 Nf5 12. Bxf5 exf5 13. exf6 Rxf6 14. 0-0-0 Be6 15. Nh3 Bf7 16. Qf3 h6 17. Nf2 Qa5 18. g4 Bxc5 19. Bxc5 Qxc5 20. g5 Rd6 21. Nd3 Qc4 22. gxh6 Rxh6 23. Ne3 Qe4 24. Qg3 d4 25. cxd4 Nxd4 26. Kb1 Rb6 27. Rhe1 Qe6 28. Nc1 Nb5 29. Ng4 Qc8 30. Ne5 Nc3+ 31. Ka1 Nxd1 32. Ned3 Nxb2 33. Nxb2 Qc2 34. Ncd3 Rd8 35. Rc1 Qd2 36. Rd1 Qa5 37. a4 Qc3 38. Rg1 Rxd3 0-1

[Event "Wch U16 Girls"]
[Site "Khanty-Mansiysk"]
[Date "2016.10.02"]
[Round "10"]
[White "Saumy, Zainab"]
[Black "Kostava, Elene"]
[Result "1/2-1/2"]
[WhiteElo "1688"]
[BlackElo "1756"]
[PlyCount "32"]
[EventDate "2016.09.22"]
[EventType "swiss"]
[EventRounds "11"]
[EventCountry "RUS"]
[SourceTitle "EXT 2017"]
[Source "ChessBase"]
[SourceDate "2016.10.25"]
[SourceVersion "1"]
[SourceVersionDate "2016.10.25"]
[SourceQuality "1"]

1. d4 d5 2. c4 e6 3. Nc3 Be7 4. cxd5 exd5 5. Bf4 c6 6. e3 Nf6 7. h3 Bf5 8. g4 Bg6 9. Bd3 Nbd7 10. Nge2 b5 11. Ng3 Nb6 12. g5 Nfd7 13. h4 Bxd3 14. Qxd3 g6 15. e4 dxe4 16. Ngxe4 0-0 1/2-1/2

[Event "Wch U16 Girls"]
[Site "Khanty-Mansiysk"]
[Date "2016.09.26"]
[Round "5"]
[White "Saumy, Zainab"]
[Black "Yang, Yijing"]
[Result "1-0"]
[WhiteElo "1688"]
[BlackElo "1975"]
[PlyCount "105"]
[EventDate "2016.09.22"]
[EventType "swiss"]
[EventRounds "11"]
[EventCountry "RUS"]
[SourceTitle "EXT 2017"]
[Source "ChessBase"]
[SourceDate "2016.10.25"]
[SourceVersion "1"]
[SourceVersionDate "2016.10.25"]
[SourceQuality "1"]

1. e4 e6 2. Nf3 d5 3. e5 c5 4. b4 cxb4 5. d4 Bd7 6. a3 Nc6 7. axb4 Bxb4+ 8. c3 Be7 9. Bd3 h6 10. 0-0 g5 11. Na3 a6 12. Ne1 h5 13. f4 g4 14. Nec2 Nh6 15. Ne3 b5 16. Nac2 Qb6 17. f5 Na5 18. fxe6 Bxe6 19. Nb4 Bxb4 20. cxb4 Nc6 21. Rf6 Ng8 22. Rf4 Nxb4 23. Bf5 Ne7 24. Ba3 Nbc6 25. Bc5 Qb7 26. Bd3 Rg8 27. Qe1 g3 28. hxg3 Rc8 29. Nf5 Nxf5 30. Bxf5 Nd8 31. Bd3 Bg4 32. Qb4 Bd7 33. Raf1 Qc7 34. Bd6 Qc3 35. Qb1 Rxg3 36. Bg6 Qd2 37. R4f2 Qxd4 38. e6 Rxg2+ 39. Kxg2 Qg4+ 40. Kh1 Bxe6 41. Bf5 Qh4+ 42. Rh2 Qd4 43. Rxh5 Rc6 44. Bh2 Qc4 45. Qe1 Kd7 46. Qf2 Qc5 47. Qf4 Qc4 48. Qf2 Qc5 49. Qg3 Qc4 50. Re1 d4 51. Rh8 Bxf5 52. Rxd8+ Kxd8 53. Qg8+ 1-0

[Event "Olympiad Women-42"]
[Site "Baku"]
[Date "2016.09.04"]
[Round "3.24"]
[White "Tuzi, Bruna"]
[Black "Saumy, Zainab"]
[Result "1/2-1/2"]
[WhiteElo "1807"]
[BlackElo "1688"]
[PlyCount "77"]
[EventDate "2016.09.02"]
[EventType "team-swiss"]
[EventRounds "11"]
[EventCountry "AZE"]
[SourceTitle "CBM 174 Extra"]
[Source "ChessBase"]
[SourceDate "2016.10.10"]
[SourceVersion "1"]
[SourceVersionDate "2016.10.10"]
[SourceQuality "1"]
[WhiteTeam "Albania (W)"]
[BlackTeam "Sri Lanka (W)"]
[WhiteTeamCountry "ALB"]
[BlackTeamCountry "SRI"]

1. e4 c5 2. c3 d5 3. exd5 Nf6 4. d4 cxd4 5. Qxd4 g6 6. Nf3 Bg7 7. Bb5+ Nbd7 8. Ne5 0-0 9. Nxd7 Nxd7 10. Qd1 Nb6 11. d6 exd6 12. 0-0 a6 13. Be2 Be6 14. Na3 Rc8 15. Be3 Nd5 16. Bd4 Bh6 17. Bf3 Qg5 18. Nc2 b5 19. g3 Bh3 20. Re1 Rfe8 21. Ba7 Rxe1+ 22. Nxe1 Qe7 23. Qxd5 Qxa7 24. Nd3 Qc7 25. a4 Be6 26. Qb7 Qc4 27. Nb4 bxa4 28. Bd5 Qb5 29. Bc6 Qxb7 30. Bxb7 Rb8 31. Bxa6 Bb3 32. Bd3 Bf8 33. Nc6 Rb6 34. Nd4 Be6 35. Bb5 Bb3 36. c4 d5 37. Nxb3 axb3 38. Ra7 Bc5 39. Ra6 1/2-1/2

[Event "SRI-ch (Women)"]
[Site "Colombo"]
[Date "2016.05.28"]
[Round "3"]
[White "Jayaweera, Sayuni Gihansa"]
[Black "Saumy, Zainab"]
[Result "0-1"]
[WhiteElo "1515"]
[BlackElo "1748"]
[PlyCount "132"]
[EventDate "2016.05.27"]
[EventType "tourn"]
[EventRounds "13"]
[EventCountry "SRI"]
[SourceTitle "CBM 172 Extra"]
[Source "ChessBase"]
[SourceDate "2016.06.21"]
[SourceVersion "1"]
[SourceVersionDate "2016.06.21"]
[SourceQuality "1"]

1. d4 Nf6 2. Nf3 g6 3. Bf4 Bg7 4. e3 0-0 5. Be2 d6 6. h3 c5 7. c3 Qb6 8. Qb3 Be6 9. Qxb6 axb6 10. a3 Nc6 11. Nbd2 Rfc8 12. Ng5 Bd7 13. Nc4 Nd5 14. Bh2 b5 15. Bf3 bxc4 16. Bxd5 e6 17. Bxc4 cxd4 18. exd4 Nxd4 19. Bd3 Nb3 20. Rd1 d5 21. Nf3 Ba4 22. Bc2 d4 23. Nxd4 Nxd4 24. Bxa4 Rxa4 25. cxd4 Bxd4 26. 0-0 Bxb2 27. Rd7 b6 28. Bc7 Rxa3 29. Bxb6 Ra1 30. Rxa1 Bxa1 31. Bd4 Bxd4 32. Rxd4 Rc1+ 33. Kh2 Kg7 34. Rd7 Kf6 35. Kg3 Rc3+ 36. f3 h5 37. Kf2 h4 38. Rd4 Rc2+ 39. Kf1 Kg5 40. Rg4+ Kh5 41. Re4 Rc5 42. Rd4 e5 43. Rd8 Kg5 44. Rb8 Kf4 45. Rb4+ Kg3 46. Rg4+ Kh2 47. Kf2 Rc2+ 48. Kf1 Rd2 49. Rg5 Kh1 50. Rg4 Rd4 51. Rg5 Ra4 52. Kf2 Ra2+ 53. Kf1 Ra6 54. Kf2 f5 55. g4 hxg3+ 56. Kxg3 Ra2 57. f4 e4 58. h4 Rg2+ 59. Kh3 Rxg5 60. fxg5 f4 61. h5 f3 62. Kg3 Kg1 63. h6 f2 64. h7 f1Q 65. h8Q Qf3+ 66. Kh4 Qh1+ 0-1

[Event "Asia-ch U16 Girls"]
[Site "Ulaanbaatar"]
[Date "2016.04.14"]
[Round "9"]
[White "Saumy, Zainab"]
[Black "Vaishali, Ramesh Babu"]
[Result "0-1"]
[WhiteElo "1632"]
[BlackElo "2345"]
[PlyCount "44"]
[EventDate "2016.04.06"]
[EventType "swiss"]
[EventRounds "9"]
[EventCountry "MGL"]
[SourceTitle "EXT 2017"]
[Source "ChessBase"]
[SourceDate "2016.10.25"]
[SourceVersion "1"]
[SourceVersionDate "2016.10.25"]
[SourceQuality "1"]

1. e4 e5 2. Nf3 d6 3. Bc4 Be7 4. d4 exd4 5. Nxd4 Nf6 6. Nc3 0-0 7. 0-0 c6 8. Re1 b5 9. Bd3 b4 10. Nce2 c5 11. Nf3 Nc6 12. Ng3 Ng4 13. Bf4 Be6 14. Qe2 Bf6 15. Rab1 Nd4 16. Nxd4 Bxd4 17. Nh1 Ne5 18. Bxe5 Bxe5 19. a3 bxa3 20. bxa3 Qa5 21. Rb5 Qc3 22. Qh5 Qxe1+ 0-1

[Event "Asia-ch U16 Girls"]
[Site "Ulaanbaatar"]
[Date "2016.04.11"]
[Round "6"]
[White "Saumy, Zainab"]
[Black "Uchral, Gankhuyag"]
[Result "0-1"]
[WhiteElo "1632"]
[BlackElo "1643"]
[PlyCount "93"]
[EventDate "2016.04.06"]
[EventType "swiss"]
[EventRounds "9"]
[EventCountry "MGL"]
[SourceTitle "EXT 2017"]
[Source "ChessBase"]
[SourceDate "2016.10.25"]
[SourceVersion "1"]
[SourceVersionDate "2016.10.25"]
[SourceQuality "1"]

1. e4 c5 2. Nf3 a6 3. c3 e6 4. d4 cxd4 5. cxd4 d5 6. e5 Ne7 7. Be2 Ng6 8. 0-0 Nc6 9. Nc3 Be7 10. Be3 0-0 11. Nd2 f6 12. f4 Qb6 13. Nb3 fxe5 14. fxe5 Ngxe5 15. Na4 Qa7 16. Nac5 Nf7 17. Bf2 Nd6 18. Bg4 Nf5 19. Re1 Nd8 20. Rc1 Bd6 21. Nd3 Qb8 22. Ne5 Nc6 23. Qe2 Kh8 24. h3 Bxe5 25. dxe5 Nce7 26. Bc5 b6 27. Ba3 Bd7 28. Bxf5 Nxf5 29. Bxf8 Qxf8 30. Rc7 Bb5 31. Qg4 Qd8 32. Rcc1 d4 33. Rcd1 d3 34. a4 Bc6 35. Qc4 Bd5 36. Qxd3 Qg5 37. Re2 Nh4 38. Qc2 Nf3+ 39. Kh1 Qg3 40. gxf3 Qxf3+ 41. Kh2 Bxb3 42. Red2 Rf8 43. Rf2 Qxf2+ 44. Qxf2 Rxf2+ 45. Kg3 Bxd1 46. Kxf2 Bxa4 47. Ke3 0-1

[Event "Penang op 7th"]
[Site "Penang"]
[Date "2015.12.11"]
[Round "8"]
[White "Saumy, Zainab"]
[Black "Kumar, Sri Shiva"]
[Result "1/2-1/2"]
[WhiteElo "1624"]
[BlackElo "1634"]
[PlyCount "76"]
[EventDate "2015.12.07"]
[EventType "swiss"]
[EventRounds "9"]
[EventCountry "MAS"]
[SourceTitle "CBM 169 Extra"]
[Source "ChessBase"]
[SourceDate "2015.12.18"]
[SourceVersion "1"]
[SourceVersionDate "2015.12.18"]
[SourceQuality "1"]

1. e4 e6 2. d4 d5 3. Nc3 Bb4 4. e5 c5 5. a3 Bxc3+ 6. bxc3 Qc7 7. Nf3 Nc6 8. h4 c4 9. g4 Bd7 10. Rg1 0-0-0 11. Rg3 Nge7 12. a4 Na5 13. Ba3 Bc6 14. Qb1 h6 15. Bd6 Rxd6 16. exd6 Qxd6 17. Qb4 Qc7 18. Ne5 Be8 19. Qb2 f6 20. Nf3 Qf4 21. Nd2 Nec6 22. Rf3 Qd6 23. Bh3 h5 24. g5 f5 25. Nf1 g6 26. 0-0-0 Bd7 27. Bg2 Kb8 28. Ng3 Rc8 29. Ne2 Be8 30. Nf4 Bf7 31. Kb1 Ka8 32. Ka2 Be8 33. Qa3 Qxa3+ 34. Kxa3 Bf7 35. Re1 Nd8 36. Rfe3 Rc6 37. Kb4 b6 38. Ka3 Kb8 1/2-1/2

[Event "SRI-ch (Women)"]
[Site "Malabe"]
[Date "2015.07.06"]
[Round "6"]
[White "Mendis, Dasuni Hansika"]
[Black "Saumy, Zainab"]
[Result "0-1"]
[WhiteElo "1697"]
[BlackElo "1570"]
[PlyCount "124"]
[EventDate "2015.07.04"]
[EventType "tourn"]
[EventRounds "13"]
[EventCountry "SRI"]
[SourceTitle "CBM 167 Extra"]
[Source "ChessBase"]
[SourceDate "2015.09.14"]
[SourceVersion "1"]
[SourceVersionDate "2015.09.14"]
[SourceQuality "1"]

1. d4 Nf6 2. c4 g6 3. f3 Bg7 4. Nc3 d6 5. e4 0-0 6. Be3 Nbd7 7. Qd2 c5 8. d5 Ne5 9. h3 Nh5 10. Qf2 f5 11. exf5 gxf5 12. f4 Ng6 13. Be2 Nf6 14. Bf3 e5 15. dxe6 Bxe6 16. Be2 Qa5 17. Bd2 Qb6 18. Rb1 Rae8 19. Kf1 d5 20. cxd5 Nxd5 21. Na4 Qd8 22. Nxc5 Bc8 23. Bc4 b6 24. Nb3 Kh8 25. Ne2 Nf6 26. Ng3 Ne4 27. Nxe4 fxe4 28. Bb5 Nxf4 29. Bxf4 Rxf4 30. Qxf4 Rf8 31. Qxf8+ Qxf8+ 32. Kg1 Be6 33. Rf1 Qb4 34. Be2 Bxb3 35. axb3 Bd4+ 36. Kh2 Be5+ 37. g3 Qxb3 38. Rhg1 Qxb2 39. Rg2 Qa3 40. Rf5 Qd6 41. Bc4 h6 42. Be2 a5 43. Rf1 Kg7 44. Kh1 a4 45. Bb5 a3 46. Bc4 Kh8 47. Kh2 e3 48. Re1 Qc5 49. Ba2 b5 50. Rge2 Bc3 51. Rd1 Bd4 52. Bb3 b4 53. Rc2 Qe5 54. Rc8+ Kh7 55. Rd8 e2 56. Bc2+ Kg7 57. Rd7+ Kf6 58. R1xd4 Qxd4 59. Rxd4 e1Q 60. Rf4+ Kg7 61. Rg4+ Kh8 62. Bg6 a2 0-1

[Event "SRI-ch (Women)"]
[Site "Malabe"]
[Date "2015.07.04"]
[Round "2"]
[White "Premanath, Dinushki"]
[Black "Saumy, Zainab"]
[Result "1/2-1/2"]
[WhiteElo "1833"]
[BlackElo "1570"]
[PlyCount "68"]
[EventDate "2015.07.04"]
[EventType "tourn"]
[EventRounds "13"]
[EventCountry "SRI"]
[SourceTitle "CBM 167 Extra"]
[Source "ChessBase"]
[SourceDate "2015.09.14"]
[SourceVersion "1"]
[SourceVersionDate "2015.09.14"]
[SourceQuality "1"]

1. e4 e5 2. Nf3 Nc6 3. Bb5 Nf6 4. 0-0 Nxe4 5. Re1 Nd6 6. Bxc6 dxc6 7. Nxe5 Be7 8. d4 0-0 9. c3 Be6 10. Nd2 Qc8 11. Ndf3 f6 12. Nd3 Re8 13. b3 Bf7 14. Bb2 Qf5 15. Nh4 Qg5 16. Nf3 Qf5 17. h3 Rad8 18. Nh4 Qg5 19. Qg4 Bh5 20. Qg3 f5 21. Nf3 Qxg3 22. fxg3 Bf6 23. Nfe5 Nf7 24. Nxf7 Bxf7 25. Kf2 Bd5 26. Rxe8+ Rxe8 27. Re1 Rxe1 28. Nxe1 Kf7 29. Nf3 g6 30. Nd2 Bg5 31. Nf3 Bf6 32. Nd2 Bg5 33. Nf3 Bf6 34. Nd2 Bg5 1/2-1/2